| 000 | 00360nam a2200145Ia 4500 | ||
|---|---|---|---|
| 020 | _a(pbk) | ||
| 082 |
_a355.32 _bBEA _cL-30, P-2 |
||
| 100 |
_aBeaufre, Andre _937951 |
||
| 245 | _aStrategy for tomorrow | ||
| 260 |
_aNew York: _bCrane Russak, _c1974 |
||
| 300 | _a91p. | ||
| 526 |
_a0 _b0 _c0 _d355_320000000000000_BEA |
||
| 650 | _aStrategy | ||
| 942 |
_2ddc _cBK |
||
| 999 |
_c551703 _d551703 |
||